000
00265nam a2200109Ia 4500
008
200302s9999 xx 000 0 und d
100
_a
Gordon Cullen
245
_a
The Concise Townscape
260
_b
Taylor and francis group Publishd
260
_c
1971
300
_a
199
999
_c
6074
_d
6074